01054nam a2200169Ia 4500008004100000020001500041050002200056100002600078240008200104245013300186260005300319300001800372500009000390500009800480505025600578650005000834120626s9999 xx 000 0 und d a8449305659 aLB1051 bV66 1998 aVan Manen, Maxeautor a The tact of teaching : the meaning of pedagogical thoughtfulness lEspañol aEl tacto en la enseñanza b: El significado de la sensibilidad pedagógica c/Van, Manen Max; traducción de Elisa Sanz Aisa aEspañab: Ediciones Paidós Américac, 1998 a231 páginas aTítulo original: The tact of teaching : the meaning of pedagogical thoughtfulness  aIncluye: Sumario, Agradecimientos, Prefacio, Bibliografía, Indice analítico y de nombre  aHacia una pedagogía de la solicitud El concepto de pedagogía El momento pedagógico La naturaleza de la pedagogía La práctica de la pedagogía La naturaleza del tacto El tacto pedagógico El tacto y la enseñanza Conclusión 0aRELACIONES MAESTRO ESTUDIANTEzESTADOS UNIDOS